Central Library and Information Centre
Sibsagar Girls' College, Sivasagar : Assam

UNCLE TOM`S CABINE (Record no. 265)

MARC details
000 -LEADER
fixed length control field 00404cam a2200169ua 4500
008 - FIXED-LENGTH DATA ELEMENTS--GENERAL INFORMATION
fixed length control field 160726n enk |||gr||||Z||||||eng
040 ## - CATALOGING SOURCE
Original cataloging agency MAIN
041 ## - LANGUAGE CODE
-- English
082 ## - DEWEY DECIMAL CLASSIFICATION NUMBER
Classification number 823 STO
100 ## - MAIN ENTRY--PERSONAL NAME
Personal name STOWE , HARRIET BEECHER.,
Relator term AUTHOR.,
245 ## - TITLE STATEMENT
Title UNCLE TOM`S CABINE
260 ## - PUBLICATION, DISTRIBUTION, ETC.
Place of publication, distribution, etc. NEW YORK:
Name of publisher, distributor, etc. MODERN LIBRARY,
Date of publication, distribution, etc. 1938.
300 ## - PHYSICAL DESCRIPTION
Extent 000.:
Dimensions 20CM.
942 ## - ADDED ENTRY ELEMENTS (KOHA)
Koha item type Books
653 ## - INDEX TERM--UNCONTROLLED
Uncontrolled term English fiction
Holdings
Withdrawn status Lost status Damaged status Not for loan Collection code Home library Current library Shelving location Date acquired Full call number Barcode Date last seen Copy number Price effective from Koha item type Public note
        REFENG Central Library and Information Centre Sibsagar Girls College Central Library and Information Centre Sibsagar Girls College ENGLISH BOOK RACK 19.04.1967 823 STO 00297 27.02.2020 1 27.02.2020 Books V


Sibsagar Girl's College © 2020. All rights reserved.
Powered by Koha.
Maintained by Abhijit Borpuzari.